Transfusión de sangre / (Record no. 86541)

MARC details
000 -LEADER
campo de control de longitud fija 00594nam a2200181 i 4500
001 - NÚMERO DE CONTROL
campo de control 86541
003 - IDENTIFICADOR DE NÚMERO DE CONTROL
campo de control ES-MaACL
005 - FECHA Y HORA DE LA ÚLTIMA TRANSACCIÓN
campo de control 20230906175454.0
007 - CAMPO FIJO DE DESCRIPCIÓN FÍSICA--INFORMACIÓN GENERAL
campo de control de longitud fija t|
008 - DATOS DE LONGITUD FIJA--INFORMACIÓN GENERAL
campo de control de longitud fija 041213s1953 sp ||||1| spa d
100 1# - ENTRADA PRINCIPAL--NOMBRE DE PERSONA
Nombre de persona Keynes, Geoffrey.
9 (RLIN) 67978
245 10 - MENCIÓN DEL TÍTULO
Título Transfusión de sangre /
Mención de responsabilidad, etc. Geoffrey Keynes ; versión española por Baldomero Cordón Bonet.
260 ## - PUBLICACIÓN, DISTRIBUCIÓN, ETC.
Lugar de publicación, distribución, etc. Madrid :
Nombre del editor, distribuidor, etc. Aguilar,
Fecha de publicación, distribución, etc. [1953] (
Fabricante Grijelmo)
300 ## - DESCRIPCIÓN FÍSICA
Extensión XVI, 560 p., 1 lám. :
Otras características físicas il. ;
Dimensiones 22 cm.
650 #4 - PUNTO DE ACCESO ADICIONAL DE MATERIA--TÉRMINO DE MATERIA
Término de materia o nombre geográfico como elemento de entrada Sangre-
Subdivisión general Transfusión.
9 (RLIN) 144478
700 1# - ENTRADA AGREGADA--NOMBRE PERSONAL
Nombre de persona Cordón Bonet, Baldomero.
9 (RLIN) 40561
852 ## - LOCALIZACIÓN
Ubicación ES-MaACL
Número de control de estantería C-5750
Sublocalización o colección R.35036
Holdings
Estatus retirado Estado de pérdida Estado de daño No para préstamo Biblioteca de origen Biblioteca actual Ubicación en estantería Fecha de adquisición Fuente de adquisición Total de préstamos Signatura topográfica completa Código de barras Visto por última vez Precio de reemplazo Tipo de ítem Koha
        Biblioteca del Ateneo de Madrid Biblioteca del Ateneo de Madrid Sala Palomar 17/01/2008     C-5750 1090416 23/02/2023 23/02/2023 Libro impreso